| 000 | 00562nam a2200193Ia 4500 | ||
|---|---|---|---|
| 003 | GCL | ||
| 008 | 140319s9999 xx 000 0 ara d | ||
| 040 |
_aGCL / _cGCL |
||
| 082 | 0 | 4 |
_a813.083 _bم ا |
| 100 | 1 | _aلويس عوض | |
| 245 | 1 | 0 |
_a"القاتل خارج السجن ""مسرحية فى 3 فصول""" / _cلويس عوض |
| 700 | 1 | _aمحمد سلماوى | |
| 260 |
_a[S.N] : _bدار الف للنشر |
||
| 300 | _a118 ص | ||
| 490 | _a | ||
| 650 | 0 | 4 | _aالادب العربى |
| 650 | 0 | 4 | _aالمسرحيات العربية |
| 942 |
_2ddc _cBK |
||
| 999 |
_c32586 _d32586 |
||